000
00314nam a2200109Ia 4500
008
171211s9999 xx 000 0 und d
245
_a
Plant Secondary Metabolites, Volume One
245
_c
Mohammed Wasim Siddiqui
260
_c
2017
650
_x
Biology
856
_u
http://down.ebook777.com/063/9781771883528.pdf
999
_c
350368
_d
350368